Poems /

Bibliographic Details
Main Author: King, Henry, 1592-1669
Other Authors: Baker, James Rupert
Format: Book
Language:English
Published: Denver : A. Swallow, [1960]
Series:Books of the Renaissance series.

MARC

Tag First Indicator Second Indicator Subfields
LEADER 00000cam a2200000 4500
001 in00000032776
005 20151007063217.0
008 720222s1960 cou 00000 eng
010 |a  60008067  
035 |a (OCoLC)00245689 
035 |9 AAD6819AM 
040 |a DLC  |c YNG  |d TXA  |d UtOrBLW 
049 |a TXAM  |c [318498] 
050 0 |a PR3539  |b .K65 1960 
092 |a 821  |b K52p 
100 1 |a King, Henry,  |d 1592-1669. 
245 1 0 |a Poems /  |c Edited by James Rupert Baker. 
264 1 |a Denver :  |b A. Swallow,  |c [1960] 
300 |a 138 pages ;  |c 23 cm. 
336 |a text  |b txt  |2 rdacontent 
337 |a unmediated  |b n  |2 rdamedia 
338 |a volume  |b nc  |2 rdacarrier 
490 1 |a Books of the Renaissance series 
700 1 |a Baker, James Rupert. 
830 0 |a Books of the Renaissance series. 
999 |a MARS 
999 f f |s 9971cdcf-2c3c-3847-84e2-16c63aa7fc96  |i 0c626f6b-eb90-3953-9a60-0c70c390401d  |t 0 
952 f f |p normal  |a Texas A&M University  |b College Station  |c Sterling C. Evans Library  |d Evans: Library Stacks  |t 0  |e PR3539 .K65 1960  |h Library of Congress classification  |i unmediated -- volume  |m A14801281486 
998 f f |a PR3539 .K65 1960  |t 0  |l Evans: Library Stacks